Something I need - One Republic, lyrics - Statistics

General Stats
  • This quiz has been taken 19 times
  • The average score is 313 of 346
Answer Stats
Answer % Correct
A
100%
And
100%
Go
100%
Got
100%
I
100%
Me
100%
Need
100%
Of
100%
One
100%
So
100%
Something
100%
The
100%
We
100%
When
100%
With
100%
You
100%
About
94%
Die
94%
Dream
94%
Had
94%
How
94%
In
94%
My
94%
Night
94%
Once
94%
Only
94%
Other
94%
That
94%
There’s
94%
This
94%
Up
94%
World
94%
As
88%
From
88%
Full
88%
Get
88%
If
88%
Killing
88%
Last
88%
Life
88%
Lose
88%
Mind
88%
People
88%
Right
88%
Wanna
88%
Woke
88%
After
82%
At
82%
Came
82%
Could
82%
Hell
82%
Know
82%
Ledge
82%
Like
82%
Tell
82%
Think
82%
To
82%
Too
82%
Two
82%
Week
82%
Well
82%
Wouldn’t
82%
Yes
82%
Awake
76%
Be
76%
It
76%
Off
76%
Stayed
76%
Under
76%
Yeah
76%
But
71%
Don’t
71%
Much
71%
Not
71%
Stared
71%
You’re
71%
Afraid
65%
Drank
65%
Edge
65%
Flying
65%
Live
65%
Nothing
65%
Same
65%
Us
65%
We’re
65%
Say
59%
I’m
53%
Time
53%
Tried
53%
Words
53%
Broken
47%
Honey
47%
Net
47%
Temporary
47%
Call
41%
Damn
41%
I’ve
35%
Made
35%
Now
35%
Crutch
29%
Glad
29%
Our
18%
No matching quizzes found
Score Distribution
Percent of People with Each Score
Percentile by Number Answered
Your Score History
You have not taken this quiz